LEADER 01655nam--2200457---450- 001 990002170600203316 005 20091023100547.0 010 $a1-85649-729-1 035 $a000217060 035 $aUSA01000217060 035 $a(ALEPH)000217060USA01 035 $a000217060 100 $a20041115d2001----km-y0enga50------ba 101 0 $aeng 102 $aGB 105 $ay|||z|||001yy 200 1 $aRegionalization in a globalizing world$ea comparative perspective on forms, actors and processes$fedited by Michael Schulz, Fredrik Soderbaum and Joakim Öjendal 210 $aLondon$anew York$cZed Books$dcopyr. 2001 215 $aXVI, 304 p.$d23 cm 225 2 $aInternational relations 410 $aInternational relations 606 0 $aRegionalismo 676 $a338.9009 702 1$aSHULZ,$bMichael 702 1$aSÖDERBAUM,$bFredrik 702 1$aÖJENDAL,$bJoakim 801 0$aIT$2UNIMARC 912 $a990002170600203316 951 $aXXIII.2.D. 167 (IG VIII 10 ING 808)$b44097 G.$cXXIII.2.D. 167 (IG VIII)$d00115202 951 $aXXIII.2.D. 167 a (IG VIII 10 ING 808)$b49340 G.$cXXIII.2.D. 167 a (IG VIII)$d00177513 951 $aXXIII.2.D. 167 b (IG VIII 10 ING 808)$b50580 G.$cXXIII.2.D. 167 b (IG VIII 10)$d00124897 959 $aBK 969 $aGIU 979 $aMARIA$b10$c20041115$lUSA01$h1036 979 $aPAOLA$b90$c20050524$lUSA01$h1352 979 $aPATRY$b90$c20051028$lUSA01$h1045 979 $aRENATO$b90$c20060313$lUSA01$h1254 979 $aRENATO$b90$c20060713$lUSA01$h0907 979 $aRSIAV4$b90$c20091023$lUSA01$h1005 996 $aRegionalization in a globalizing world$9692800 997 $aUNISA LEADER 03402nam 2200613 a 450 001 9910781548703321 005 20220829194926.0 010 $a1-283-36598-7 010 $a9786613365989 010 $a90-04-21443-7 024 7 $a10.1163/9789004214439 035 $a(CKB)2550000000073711 035 $a(EBL)1010599 035 $a(OCoLC)775468405 035 $a(SSID)ssj0000566186 035 $a(PQKBManifestationID)11973694 035 $a(PQKBTitleCode)TC0000566186 035 $a(PQKBWorkID)10534213 035 $a(PQKB)11731336 035 $a(MiAaPQ)EBC1010599 035 $a(nllekb)BRILL9789004214439 035 $a(Au-PeEL)EBL1010599 035 $a(CaPaEBR)ebr10518818 035 $a(CaONFJC)MIL336598 035 $a(PPN)170736113 035 $a(EXLCZ)992550000000073711 100 $a20110915d2012 uy 0 101 0 $aeng 135 $aur||||||||||| 181 $ctxt$2rdacontent 182 $cc$2rdamedia 183 $acr$2rdacarrier 200 10$aTextual research on the Psalms and Gospels$b[electronic resource] $epapers from the Tbilisi Colloquium on the Editing and History of Biblical Manuscripts /$fedited by Christian-B. Amphoux, J. Keith Elliott, with Bernard Outtier = Recherches textuelles sur les Psaumes et les Evangiles : actes du colloque de Tbilisi, 19-20 septembre 2007 / [edite? par] Christian-B. Amphoux, J. Keith Elliott, avec Bernard Outtier 210 $aLeiden ;$aBoston $cBrill$d2012 215 $a1 online resource (298 pages) 225 1 $aSupplements to Novum Testamentum,$x0167-9732 ;$vv. 142 300 $aDescription based upon print version of record. 311 $a90-04-20927-1 320 $aIncludes bibliographical references and indexes. 327 $apt. 1. The Psalms = Psaumes -- pt. 2. The gospels = E?vangiles. 330 $aRecent research on the text of the Psalms and Gospels in Greek and in certain versions, principally Coptic, Georgian and Armenian, reveals common characteristics when attempting to separate later editions of a text from its earliest forms. The essays in this collection give concrete examples of the issues involved and suggested explanations for textual changes. Les versions anciennes de la Bible ont un intérêt majeur dans la mesure où elles traduisent un modèle qui n'est pas celui des traductions modernes et conservent ainsi des formes textuelles disparues, souvent très anciennes. C'est en particulier le cas des versions géorgiennes, pour lesquelles des convergences sont apparues entre les recherches menées à Tbilisi et dans diverses équipes européennes. Centré sur les psaumes et les évangiles, le colloque a réuni des communications concernant diverses langues de versions anciennes, en particulier le géogien, mais aussi le copte, le syriaque, l'arménien et l'albanien du Caucase, à partir du grec de la Septante et du Nouveau Testament. 410 0$aSupplements to Novum Testamentum ;$vv. 142. 517 3 $aRecherches textuelles sur les Psaumes et les Evangiles 676 $a226/.4046 701 $aAmphoux$b Christian-Bernard$01478337 701 $aElliott$b J. K$g(James Keith)$0171578 701 $aOuttier$b B$g(Bernard)$01478338 801 0$bMiAaPQ 801 1$bMiAaPQ 801 2$bMiAaPQ 906 $aBOOK 912 $a9910781548703321 996 $aTextual research on the Psalms and Gospels$93693993 997 $aUNINA LEADER 04723nam 22007455 450 001 9910349407703321 005 20230810163322.0 010 $a9783030002565 010 $a303000256X 024 7 $a10.1007/978-3-030-00256-5 035 $a(CKB)4100000006098225 035 $a(DE-He213)978-3-030-00256-5 035 $a(MiAaPQ)EBC6302941 035 $a(PPN)23053855X 035 $a(EXLCZ)994100000006098225 100 $a20180901d2018 u| 0 101 0 $aeng 135 $aurnn#008mamaa 181 $ctxt$2rdacontent 182 $cc$2rdamedia 183 $acr$2rdacarrier 200 10$aGraph-Theoretic Concepts in Computer Science $e44th International Workshop, WG 2018, Cottbus, Germany, June 27?29, 2018, Proceedings /$fedited by Andreas Brandstädt, Ekkehard Köhler, Klaus Meer 205 $a1st ed. 2018. 210 1$aCham :$cSpringer International Publishing :$cImprint: Springer,$d2018. 215 $a1 online resource (XIII, 384 p. 102 illus.) 225 1 $aTheoretical Computer Science and General Issues,$x2512-2029 ;$v11159 311 08$a9783030002558 311 08$a3030002551 327 $aOn Dispersable Book Embeddings -- Characterising AT-free Graphs with BFS -- Edge Partitions of Optimal 2-plane and 3-plane Graphs -- On Minimum Connecting Transition Sets in Graphs -- Recognizing Hyperelliptic Graphs in Polynomial Time -- On Directed Feedback Vertex Set Parameterized by Treewidth -- Optimality Program in Segment and String Graphs -- Anagram-Free Chromatic Number is Not Pathwidth-Bounded -- Tight Lower Bounds for the Number of st-Cuts -- Sub-exponential-Time and FPT Algorithms for Embedded Flat Clustered Planarity -- Computing Small Pivot-Minors -- Saving Probe Bits by Cube Domination -- Graph Amalgamation under Logical Constraints -- Optimal General Matchings -- Quasimonotone Graphs -- Equiangular Polygon Contact Representations -- Temporal Graph Classes: A View Through Temporal Separators -- Covering A Graph with Nontrivial Vertex-disjoint Paths: Existence and Optimization -- On the Relation of Strong Triadic Closure and Cluster Deletion -- On Perfect Linegraph Squares -- On Weak Isomorphism of Rooted Vertex-Colored Graphs -- Connected Vertex Cover for (sP_1+P_5)-Free Graphs -- Structurally Parameterized d-Scattered Set -- Popular Matchings of Desired Size -- Convexity-Increasing Morphs of Planar Graphs -- Treedepth Bounds in Linear Colorings -- An Improved FPT lgorithm for Independent Feedback Vertex Set -- Construction and Local Routing for Angle-Monotone Graphs -- Characterization and Recognition of Tree 3-Spanner dmissible Directed Path Graphs of Diameter Three. . 330 $aThis book constitutes the revised selected papers of the 44th International Workshop on Graph-Theoretic Concepts in Computer Science, WG 2018, held in Cottbus, Germany, in June 2018. The 30 full papers presented in this volume were carefully reviewed and selected from 66 submissions. They cover a wide range of areas, aiming at connecting theory and applications by demonstrating how graph-theoretic concepts can be applied in various areas of computer science. Another focus is on presenting recent results and on identifying and exploring promising directions of future research. 410 0$aTheoretical Computer Science and General Issues,$x2512-2029 ;$v11159 606 $aComputer science$xMathematics 606 $aDiscrete mathematics 606 $aAlgorithms 606 $aArtificial intelligence$xData processing 606 $aComputer arithmetic and logic units 606 $aComputer graphics 606 $aDiscrete Mathematics in Computer Science 606 $aAlgorithms 606 $aData Science 606 $aArithmetic and Logic Structures 606 $aComputer Graphics 615 0$aComputer science$xMathematics. 615 0$aDiscrete mathematics. 615 0$aAlgorithms. 615 0$aArtificial intelligence$xData processing. 615 0$aComputer arithmetic and logic units. 615 0$aComputer graphics. 615 14$aDiscrete Mathematics in Computer Science. 615 24$aAlgorithms. 615 24$aData Science. 615 24$aArithmetic and Logic Structures. 615 24$aComputer Graphics. 676 $a511.5 676 $a004.0151 702 $aBrandstädt$b Andreas$4edt$4http://id.loc.gov/vocabulary/relators/edt 702 $aKöhler$b Ekkehard$4edt$4http://id.loc.gov/vocabulary/relators/edt 702 $aMeer$b Klaus$4edt$4http://id.loc.gov/vocabulary/relators/edt 801 0$bMiAaPQ 801 1$bMiAaPQ 801 2$bMiAaPQ 906 $aBOOK 912 $a9910349407703321 996 $aGraph-Theoretic Concepts in Computer Science$92569248 997 $aUNINA